| 000 | 00403nam a22001457a 4500 | ||
|---|---|---|---|
| 082 |
_a940.540954 _bOFF _cL-30, P-93 |
||
| 100 |
_aPrasad Bisherwar _948910 |
||
| 245 |
_aTHe Reconquest of Burma Vol-II _cPrasad Bisherwar |
||
| 250 | _a2nd | ||
| 260 |
_a|India _bPrasad Dlitt _c1945 |
||
| 300 |
_a539, P _bill, _c32cm |
||
| 526 |
_a0 _b0 _c0 _d940_540954000000000_OFF |
||
| 650 |
_aMCE _9379 |
||
| 942 |
_2ddc _cBK |
||
| 999 |
_c551767 _d551767 |
||